000 01928cam a22005294i 4500
003 PE-LiUPU
005 20250731165618.0
008 150616s r 000 0 d
035 _a(Sirsi) a5984
035 _a(Sirsi) a5984
040 _aPE-LiUPU
_bspa
_cPE-LiUPU
_erda
049 _aPRUA
082 0 4 _a221.008
_bAB
_221
100 1 _aMínguez, Dionisio,
_eautor.
245 1 0 _aPentecostés :
_bEnsayo de Semiótica narrativa en Hch. 2.
_n75 /
_cDionisio Minguez.
264 1 _aRoma :
_bBiblical Institute Press,
_c1976.
300 _a217 páginas ;
_c24 cm.
336 _atext
_2rdacontent
337 _aunmediated
_2rdamedia
338 _avolume
_2rdacarrier
490 0 _aAnalecta Biblica ;
_v75
500 _aCoedición con Institución San Jerónimo
_v7.
504 _aBibliografía: páginas 211-214.
505 0 _aEstructuración formal de superficie -- Estructuración semántica profunda -- Estructuración narrativa de manifestación.
526 _aSEG44
526 _aSEG26
526 _aP151
526 _aP150
526 _aP149
526 _aP146
526 _aP145
526 _aP126
526 _aP125
526 _aP92
526 _aP75
526 _aP74
526 _aP27
526 _aP15
630 _aBiblia.
_pN.T.
_pHechos
_xCrítica, interpretación, etc.
910 _ajck
_bjvq
_cjck
942 _2ddc
_cBOOK
949 _aRC 221.008 AB 75
_wDEWEY
_c1
_i23050
_lRC
_mBUL
_r0
_sY
_tBOOK
_u2015-6-16
_xTEOLOGIA
_zUNKNOWN
_0COMPRA
_o.CIRCNOTE. No olvidar cambiar la fecha de devolución!!!!!!!
_o.STAFF. Colección General
994 _aC0
_bPEPRU
596 _a1
999 _aRC 221.008 AB 75
_wDEWEY
_c57068
_i23050
_f2021-11-8
_g6
_lCCODEBUL1
_mBUL
_r1
_sY
_tBOOK
_u2015-6-16
_xTEOLOGIA
_zUNKNOWN
_0COMPRA
_o.CIRCNOTE. No olvidar cambiar la fecha de devolución!!!!!!!
_o.STAFF. Colección General
_d57068
980 _81
_gALBERTO SANCHEZ Responsable de Automatización